000 00505nam a2200133Ia 4500
008 100328s9999 xx 000 0 und d
082 _b60229
100 _aजोशी प्रभाकर रघुनाथ
245 _aभारताचा आर्थिक ताळेबंद.
260 _bगं्रथाली.
630 _aभारताचा आर्थिक ताळेबंद.
730 _aभारताचा आर्थिक ताळेबंद.
942 _cBOOK
999 _c546391
_d546388